000 00335nam a22001457a 4500
003 SGT
020 _a978-81-312-0346-0
082 _a617.601
_bP09H
100 _aHIREMATH,S.S
245 _aTEXT BOOK OF PREVENTIVE AND COMMUNITY DENTISTRY
260 _aDELHI
_bELSEVIER
_c2009
300 _a528
650 _aAYURVEDA
942 _2ddc
_cBK
999 _c16802
_d16802